000 00636nam a2200205Ia 4500
005 20250508151033.0
008 008 250505s9999 xx 000 0 eng d
037 _aTextual
040 _aFEDL
_beng
_cFEDL
041 _aeng
_2eng
084 _a150, RAV
_qFEDL
100 _aRaven John C
245 0 _aHuman nature its development, variation and assessment: A concise psychology for those concerned with the welfare fo others
260 _aLondon, UK
_bH. K. Lewis and Co. Ltd.
_c1952
300 _axii,226p.
365 _aINR
_b10
650 _aPsychology
942 _cTEXL
_h150, RAV
999 _c1327203
_d1327203